000 00655cab a2200205 4500
001 l135815
008 061212n2006 000 0 eng u
035 _a(Sirsi) u135815
041 0 _aeng
100 1 _aPatterson, Lindy
245 0 0 _aNo damage to property cases
260 _c2006
490 0 _aEstates Gazette
_v(0648) 02 December 2006, 227 (1)
520 _aDiscusses joint and several liability of multiple defendants in light of a controversial Lords ruling.
590 _aKA
650 2 4 _aJOINT AND SEVERAL LIABILITY
690 _aMANAGEMENT-BUSINESS MANAGEMENT-PROFESSIONAL PRACTICE-NEGLIGENCE
700 1 _aShiels, Louise
942 _n0
999 _c78011
_d78011